FIFA Women's World Cup Host Cities - Statistics

General Stats
  • This quiz has been taken 12 times
  • The average score is 20 of 59
Answer Stats
Year(s) of World Cup(s) Host City % Correct
2019 Paris
100%
2019 Nice
73%
2023 Auckland
64%
2011 Berlin
64%
2023 Brisbane
64%
2023 Melbourne
64%
2019 Reims
64%
2019 Rennes
64%
2023 Sydney
64%
2023 Wellington
64%
2023 Adelaide
55%
2011 Frankfurt
55%
2023 Perth
55%
2015 Vancouver
55%
2011 Augsburg
45%
2011 Dresden
45%
2023 Dunedin
45%
2015 Edmonton
45%
2019 Montpellier
45%
2015 Ottawa
45%
2003 Washington, D.C.
45%
2007 Chengdu
36%
2023 Hamilton
36%
2015 Montreal
36%
2003 Philadelphia
36%
2007 Shanghai
36%
2007 Tianjin
36%
1999 Chicago
27%
2019 Grenoble
27%
1991 Guangzhou
27%
2007 Hangzhou
27%
1999 Pasadena
27%
1999, 2003 Portland
27%
2011 Wolfsburg
27%
2007 Wuhan
27%
2011 Bochum
18%
2003 Columbus
18%
2019 Décines-Charpieu
18%
2011 Leverkusen
18%
2011 Mönchengladbach
18%
1999 San Jose
18%
2011 Sinsheim
18%
1999 Stanford
18%
2015 Winnipeg
18%
2003 Carson
9%
1999 East Rutherford
9%
1991 Foshan
9%
1999, 2003 Foxborough
9%
1995 Gävle
9%
1995 Helsingborg
9%
1991 Jiangmen
9%
1995 Karlstad
9%
1999 Landover
9%
2019 Le Havre
9%
2015 Moncton
9%
1995 Solna
9%
2019 Valenciennes
9%
1995 Västerås
9%
1991 Zhongshan
9%
No matching quizzes found
Score Distribution
Percent of People with Each Score
Percentile by Number Answered
Your Score History
You have not taken this quiz